study of farmer's pesticide use on rice production in angkorborey district,takeo province,សិក្សាពីការប្រើប្រាស់ថ្នាំកសិកម្មទៅលើផលិតកម្មដំណាំស្រូវរបស់ប្រជាជននៅក្នុងស្រុកអង្គរបុរី ខេត្តតាកែវ (Record no. 16986)
[ view plain ]
| 000 -LEADER | |
|---|---|
| fixed length control field | 00790nam a22001577a 4500 |
| 003 - CONTROL NUMBER IDENTIFIER | |
| control field | OSt |
| 005 - DATE AND TIME OF LATEST TRANSACTION | |
| control field | 20180713135818.0 |
| 008 - FIXED-LENGTH DATA ELEMENTS--GENERAL INFORMATION | |
| fixed length control field | 180713b xxu||||| |||| 00| 0 eng d |
| 040 ## - CATALOGING SOURCE | |
| Transcribing agency | RUA |
| 082 ## - DEWEY DECIMAL CLASSIFICATION NUMBER | |
| Classification number | AGR MAN 2014 B601 Or.1 |
| 100 ## - MAIN ENTRY--PERSONAL NAME | |
| 9 (RLIN) | 12886 |
| Personal name | MANG PHANGSRORN,ម៉ាង ផាំងស្រ៊ន |
| 245 ## - TITLE STATEMENT | |
| Title | study of farmer's pesticide use on rice production in angkorborey district,takeo province,សិក្សាពីការប្រើប្រាស់ថ្នាំកសិកម្មទៅលើផលិតកម្មដំណាំស្រូវរបស់ប្រជាជននៅក្នុងស្រុកអង្គរបុរី ខេត្តតាកែវ |
| 260 ## - PUBLICATION, DISTRIBUTION, ETC. (IMPRINT) | |
| Place of publication, distribution, etc. | phnom penh |
| Name of publisher, distributor, etc. | RUA |
| Date of publication, distribution, etc. | 2014 |
| 300 ## - PHYSICAL DESCRIPTION | |
| Extent | x;47p; |
| Other physical details | ill; |
| Dimensions | 29cm; |
| 942 ## - ADDED ENTRY ELEMENTS (KOHA) | |
| Source of classification or shelving scheme | |
| Koha item type | AGR |
| Price effective from | Date last seen | Permanent Location | Not for loan | Date acquired | Source of classification or shelving scheme | Koha item type | Lost status | Withdrawn status | Date last checked out | Total Checkouts | Shelving location | Damaged status | Barcode | Current Location | Full call number |
|---|---|---|---|---|---|---|---|---|---|---|---|---|---|---|---|
| 2018-07-13 | 2024-09-23 | Library Block B | 2018-07-13 | AGR | 2024-09-03 | 1 | B601 | A30742 | Library Block B | AGR MAN 2014 B601 Or.1 | |||||
| 2018-07-13 | 2018-07-13 | Library Block B | 2018-07-13 | AGR | B601 | A30347 | Library Block B | AGR MAN 2014 B601 Or.2 | |||||||
| 2018-07-13 | 2025-01-03 | Library Block B | 2018-07-13 | AGR | 2024-11-19 | 1 | B601 | A30667 | Library Block B | AGR MAN 2014 B601 Or.3 | |||||
| 2018-07-13 | 2018-07-13 | Library Block B | 2018-07-13 | AGR | B601 | A32646 | Library Block B | AGR MAN 2014 B601 Or.4 | |||||||
| 2018-07-13 | 2018-07-13 | Library Block B | 2018-07-13 | AGR | B601 | A32496 | Library Block B | AGR MAN 2014 B601 Or.5 | |||||||
| 2018-07-13 | 2024-11-05 | Library Block B | 2018-07-13 | AGR | 2024-11-04 | 1 | B601 | A32211 | Library Block B | AGR MAN 2014 B601 Or.6 | |||||
| 2018-07-13 | 2020-10-06 | Library Block B | 2018-07-13 | AGR | 2019-12-04 | 1 | B601 | A30584 | Library Block B | AGR MAN 2014 B601 Or.7 | |||||
| 2018-07-13 | 2025-11-13 | Library Block B | 2018-07-13 | AGR | 2024-09-14 | 1 | B601 | A30164 | Library Block B | AGR MAN 2014 B601 Or.8 |